| 000 | 01140nam0a22003251 4500 | ||
|---|---|---|---|
| 001 | RU\NLR\INFOCOMM_190\5000062134 | ||
| 005 | 20250613094551.0 | ||
| 035 | _a(NLR Aleph) 009266185 | ||
| 090 |
_a9073557 _c9073557 |
||
| 100 | _a20100820d1968 |||y0rusy50 ca | ||
| 101 | 0 | _aeng | |
| 102 | _aRU | ||
| 105 | _aa ||||000|y | ||
| 200 | 1 |
_aElement 103 of the periodic system _e(Review article) _fE. D. Donec, V. A. Druin, V. L. Micheev |
|
| 210 |
_aДубна _d1968 |
||
| 215 |
_a22 с. _cграфик. _d22 см |
||
| 225 | 1 |
_a[Издания] _fОбъедин. ин-т ядерных исследований. Лаборатория ядерных реакций _vE7-3766 |
|
| 309 | _aОтпечат. множит. аппаратом | ||
| 320 | _aБиблиогр.: с. 14-15 | ||
| 686 |
_aХ-106[Г123.93] _2rubbk |
||
| 700 | 1 |
_9z02790 _aDonec _bE. D. _4070 |
|
| 701 | 1 |
_aDruin _bV. A. _4070 |
|
| 701 | 1 |
_9z03790 _aMicheev _bV. L. _4070 |
|
| 790 | 1 |
_9z02700 _aDonets _bE. D. _4070 |
|
| 790 | 1 |
_9z03701 _aMikheev _bV. L. _4070 |
|
| 801 | 1 |
_aRU _bNLR _c20100820 |
|
| 801 | 0 |
_aRU _bNLR _gPSBO |
|
| 852 |
_aNLR _jP11/3130 |
||
| 942 | _cBOOK | ||
| 980 | _aNB | ||